00836 a2200169 4500003000500000005001700005040000900022082001700031100001700048245004400065250001200109260002500121300002600146505044800172600001600620650003000636Nust20221118092051.0 cNust a621.3747,REY1 aReyner, J.H. aCathode-ray oscillographs /cJ.H.Reyner a4th ed. aPitmanbLondonc1951 a199 p.b illusc20 cm aTypes of Oscillograph Tube (Page-1), The Oscillongraph Use (Page-15), Waveform Examination (Page-49), Deflection Amplifiers (Page-87), Frequency Response Curves (Page-107), Characteristic Measurements (Page-131), Frequency Comparison (Page-143), Radio Frequency Examinations (Page-150), Low Frequency Technique (Page-157), Special Time Bases (Page-166), Cathode Ray Photography (Page-178), Special Applications (Page-184), Index (Page-197).  aReyner J.H. aCathode-ray oscillographs